000 00479nam a2200193Ia 4500
005 20250923144728.0
008 008 250917s9999 xx 000 0 eng d
037 _aTextual
040 _aDSWL
_beng
_cDSWL
041 _aeng
_2eng
084 _qDSWL
245 0 _aImperial gazetteer of India: Baroda
260 _aCalcutta
_bSunt. of Govt. Printing
_c1908
300 _axii,124p.
365 _aINR
_b10
925 _g10
942 _cTEXL
999 _c1442593
_d1442593